000 00488nam a22001457a 4500
020 _a0-439-88980-4
082 _a823
_bBRO/T
100 _aBROOK, HENRY
245 _aTRUE STORIES OF D-DAY
260 _aNEW YORK
_bSCHOLASTIC
_c2006
300 _a160
520 _aTells the stories of the real-life heroes involved of a single day that changed the face of modern history, 6 June 1944 - D-day, the allied invasion of Nazi-occupied Normandy.
650 _aNOVEL
_zUNITED STATES
942 _cBK
999 _c2814
_d2814